| 000 | 00763nam a2200193 a 4500 | ||
|---|---|---|---|
| 001 | 000013435 | ||
| 003 | DO-SdBNP | ||
| 005 | 20250410135009.0 | ||
| 008 | 091124s1974 dr 001 s spa d | ||
| 040 |
_aDO-SdBNP _bspa _cBNPHU |
||
| 082 |
_aRD865.44 _bB171d |
||
| 100 | 1 | 0 |
_a Balaguer, Joaquín, _d1906-2002 _976556 |
| 245 | 1 | 0 |
_aDiscurso pronunciado por el Dr. Joaquín Balaguer en el Congreso Nacional, el día 16 de agosto de 1974, en ocasión de prestar juramento constitucional como presidente de la República para el período 1974-1978 / _cJoaquín Balaguer. |
| 260 |
_aSanto Domingo : _b[s. n.], _c1974. _bil., retr. |
||
| 300 |
_a30 p. _a21 cm. |
||
| 650 | 4 |
_aDiscursos presidenciales _910061 |
|
| 650 | 4 |
_aLiteratura dominicana. _967 |
|
| 942 |
_2ddc _cLBS1 |
||
| 999 |
_c13061 _d13061 |
||